000 00983nas a2200313 4500
001 BR2016003809
003 BR-BrBNA
005 20231205130600.0
007 ta
008 230509b bl.|||p| |||| 00| 00por d
040 _aBR-BrBNA
_bpor
_cBiblioteca Nacional de Agricultura
041 _a(En)
072 _aL20; M12; L53
100 1 _aGiaretta, A.A.
100 1 _aMenin, M.
100 1 _aFacure, K.G.
100 1 _aKokubum, M.N. de C.
100 1 _aOliveira Filho, J.C. de
245 1 _aSpecies richness, relative abundance, and habitat of reproduction of terrestriel frogs in the Triângulo Mineiro, cerrado biome, southeastern Brazil
650 _aANFÍBIO
650 _aSAPO
650 _a
650 _aHABITAT
650 _aREPRODUÇÃO ANIMAL
650 _aESPÉCIE
773 0 _tIheringia. Série Zoologia (Brazil)
_xISSN 0073-4721
_g(Jun 2008), v. 98(2) p. 181-188
_wBR2016003809
909 _a202311
_bLúcia
_c55
_dLúcia Elande
942 _2AGRIS
_n0
_cANA
999 _c250204
_d250204